000
00281nam a2200121Ia 4500
008
190216s9999||||xx |||||||||||||| ||und||
100
_a
Suseela Guptha
245
0
_a
Bhool Chal Ki Hindi
250
_a
1st Ed.
260
_b
Lokabarathi Prakasan
_c
2009
300
_a
104
942
_c
BK
999
_c
16928
_d
16928